000 00283nam a22001217a 4500
008 170612b xxu||||| |||| 00| 0 eng d
041 _aeng
080 _a32
100 _a19
101 _aSHP
245 _aPOLITICS, POWER, AND BUREUCRACY IN FRANCE
_cSULEIMAN, E.N
942 _2udc
_cBK
999 _c16956
_d16956